[Event "Dvorkovich Memorial op 5th"]
[Site "Taganrog"]
[Date "2010.08.04"]
[Round "3"]
[White "Chiniony, Yuri"]
[Black "Shilyakin, Gennady"]
[Result "1-0"]
[WhiteElo "2206"]
[BlackElo "2068"]
[PlyCount "75"]
[EventDate "2010.08.02"]
[EventType "swiss"]
[EventRounds "9"]
[EventCountry "RUS"]
[SourceTitle "EXT 2013"]
[Source "ChessBase"]
[SourceDate "2012.11.22"]
[SourceVersion "1"]
[SourceVersionDate "2012.11.22"]
[SourceQuality "1"]

1. e4 e6 2. d4 d5 3. Nd2 c5 4. dxc5 Bxc5 5. Nb3 Bb6 6. exd5 exd5 7. Bd3 Be6 8. Nf3 Nc6 9. 0-0 Qd7 10. Bf4 Nge7 11. Re1 0-0 12. c3 Bf5 13. Bf1 Ng6 14. Be3 Bxe3 15. Rxe3 Rad8 16. Qd2 Qc7 17. Rae1 f6 18. Nfd4 Bc8 19. Nc5 Nce5 20. Nce6 Qd6 21. Nxd8 Rxd8 22. Qc2 Bd7 23. h3 Nh4 24. g3 Nhg6 25. Bg2 Nc4 26. R3e2 Nge5 27. f4 Nc6 28. Nf5 Qc5+ 29. Kh2 g6 30. b4 Bxf5 31. Qxf5 Qd6 32. Qd3 Nb6 33. Re6 Qf8 34. a4 d4 35. Bxc6 bxc6 36. Rxc6 dxc3 37. Qxc3 Nd5 38. Qc5 1-0

[Event "Dvorkovich Memorial op 4th"]
[Site "Taganrog"]
[Date "2009.08.07"]
[Round "6"]
[White "Chiniony, Yuri"]
[Black "Chernyh, V."]
[Result "0-1"]
[WhiteElo "2235"]
[BlackElo "2143"]
[PlyCount "66"]
[EventDate "2009.08.02"]
[EventType "swiss"]
[EventRounds "9"]
[EventCountry "RUS"]
[SourceTitle "EXT 2022"]
[Source "ChessBase"]
[SourceDate "2021.10.06"]
[SourceVersion "1"]
[SourceVersionDate "2021.10.06"]
[SourceQuality "1"]

1. e4 d6 2. d4 g6 3. Be3 Bg7 4. Nc3 Nf6 5. f3 a6 6. Qd2 h5 7. 0-0-0 Nc6 8. Kb1 Bd7 9. h4 b5 10. Nh3 e5 11. d5 Na5 12. Bg5 Qb8 13. Re1 Nb7 14. Nf2 b4 15. Ncd1 Nc5 16. Be2 a5 17. Nd3 Na4 18. b3 Nb6 19. N1f2 Qa7 20. Be3 0-0 21. g4 Rfb8 22. Reg1 a4 23. Nc1 Qa5 24. Rg2 Nbxd5 25. exd5 Nxd5 26. Nd1 Nc3+ 27. Nxc3 bxc3 28. Qd1 Be6 29. Bd3 Qb4 30. Be4 Qa3 31. Nd3 axb3 32. cxb3 Bxb3 33. Qc1 Bxa2+ 0-1

[Event "Dvorkovich Memorial op 4th"]
[Site "Taganrog"]
[Date "2009.08.05"]
[Round "4"]
[White "Chiniony, Yuri"]
[Black "Weetik, Vjacheslav"]
[Result "0-1"]
[WhiteElo "2235"]
[BlackElo "2441"]
[PlyCount "68"]
[EventDate "2009.08.02"]
[EventType "swiss"]
[EventRounds "9"]
[EventCountry "RUS"]
[SourceTitle "EXT 2022"]
[Source "ChessBase"]
[SourceDate "2021.10.06"]
[SourceVersion "1"]
[SourceVersionDate "2021.10.06"]
[SourceQuality "1"]

1. e4 c5 2. Nf3 d6 3. d4 cxd4 4. Nxd4 Nf6 5. Bd3 Nc6 6. c3 e5 7. Nf3 d5 8. Qe2 dxe4 9. Bxe4 Nxe4 10. Qxe4 f5 11. Qa4 Bd7 12. Qb3 Bc5 13. 0-0 Qb6 14. Qd5 0-0-0 15. b4 Be7 16. Be3 Qc7 17. b5 e4 18. bxc6 bxc6 19. Qf7 Bd6 20. Nd4 Bxh2+ 21. Kh1 Rdf8 22. Qh5 Bd6 23. f4 c5 24. Nb3 Bb5 25. Rf2 Rf6 26. Kg1 Rhf8 27. N1d2 Rh6 28. Qd1 Bd3 29. c4 g5 30. g3 gxf4 31. Rxf4 Rg8 32. Nf1 Bxf4 33. Qd2 Bxe3+ 34. Qxe3 f4 0-1